000 01016nam a22003850a 4500
001 PT62127
003 AR-LpoUNG
005 20210131232054.0
008 191001s2000||||ag |||||||||||||||||spa d
020 _a9500512823
_c$48
040 _aAR-LpoUNG
_bspa
_cAR-LpoUNG
_eaacr
041 _aspa
044 _aag
082 0 _a982.063 29art
100 1 _aIllia, Ricardo H.
245 1 0 _aArturo U. Illia :
_bsu vida, principios y doctrina
250 _a1ra. ed.
260 _aBuenos Aires :
_bCorregidor,
_c2000.
300 _a285 p. :
_bfot.
650 4 _aANALISIS HISTORICO
650 4 _aARGENTINA
650 4 _aASPECTOS SOCIALES
650 4 _aBIOGRAFIAS
650 4 _aCONDICIONES ECONOMICAS
650 4 _aCRISIS POLITICA
650 4 _aECONOMIA
650 4 _aGOBERNABILIDAD
650 4 _aHISTORIA POLITICA
650 4 _aJEFES DE ESTADO
650 4 _aOPOSICION POLITICA
650 4 _aPOLITICA ECONOMICA
700 1 _aÁlvarez Guerrero, Osvaldo
_epról.
905 _a62127
942 _cLIB
999 _c13580
_d13580